[Event "CAN-ch"]
[Site "Winnipeg CAN"]
[Date "1986.??.??"]
[Round "?"]
[White "Schleifer, Michael"]
[Black "Allan, Denis"]
[Result "1-0"]
[WhiteElo "2210"]
[BlackElo "2280"]
[PlyCount "87"]
[EventDate "1986.07.12"]
[EventType "tourn"]
[EventRounds "15"]
[EventCountry "CAN"]

1. e4 g6 2. d4 Bg7 3. c4 d6 4. Nf3 Bg4 5. d5 Nf6 6. Nc3 O-O 7. Be2 e5 8. O-O c5
9. Ne1 Bxe2 10. Qxe2 Nbd7 11. Bg5 a6 12. Nc2 Qe8 13. a3 Nh5 14. Be3 f5 15. f3
f4 16. Bf2 g5 17. b4 b6 18. Rab1 Qg6 19. bxc5 bxc5 20. Rb7 Nhf6 21. Rfb1 Rf7
22. Rc7 Ne8 23. Rc6 g4 24. fxg4 Ndf6 25. h3 h5 26. gxh5 Nxh5 27. Qg4 Qxg4 28.
hxg4 Nhf6 29. g5 Ng4 30. Ne1 Bf8 31. Nf3 Ng7 32. Rbb6 Rfa7 33. Rb3 Be7 34. Rcb6
Kf7 35. Rb7 Kg6 36. R3b6 Nxf2 37. Kxf2 Nh5 38. Nxe5+ Kxg5 39. Nf3+ Kg4 40. e5
Ng3 41. Rxa7 Rxa7 42. exd6 Bf6 43. d7 Bd8 44. Rb8 1-0

[Event "CAN-ch"]
[Site "Winnipeg CAN"]
[Date "1986.??.??"]
[Round "?"]
[White "Schleifer, Michael"]
[Black "Ross, Dave"]
[Result "1/2-1/2"]
[WhiteElo "2210"]
[BlackElo "2285"]
[PlyCount "80"]
[EventDate "1986.07.12"]
[EventType "tourn"]
[EventRounds "15"]
[EventCountry "CAN"]

1. e4 e6 2. d3 d5 3. Nd2 c5 4. Ngf3 Nc6 5. g3 Bd6 6. Bg2 Nge7 7. O-O O-O 8. Re1
Qc7 9. Qe2 f6 10. c3 d4 11. Nc4 e5 12. h3 Be6 13. Nxd6 Qxd6 14. c4 Rab8 15. a4
b6 16. Nh4 a6 17. b3 b5 18. axb5 axb5 19. Ba3 bxc4 20. bxc4 Rb3 21. Reb1 Rfb8
22. Qd1 Rxb1 23. Rxb1 Rxb1 24. Qxb1 Nb4 25. Qb3 Qa6 26. Bxb4 Qb7 27. Nf5 Bxf5
28. exf5 Qxb4 29. Qd1 Nxf5 30. Bd5+ Kh8 31. Qa1 Qb8 32. Qa5 Qf8 33. Qc7 g6 34.
Kg2 Qe7 35. Qc8+ Kg7 36. h4 Nh6 37. g4 g5 38. h5 Nf7 39. Kg1 Nh6 40. Kg2 Nf7
1/2-1/2

[Event "CAN-ch"]
[Site "Winnipeg CAN"]
[Date "1986.??.??"]
[Round "?"]
[White "Schleifer, Michael"]
[Black "Yanofsky, Abe"]
[Result "1/2-1/2"]
[WhiteElo "2210"]
[BlackElo "2390"]
[PlyCount "90"]
[EventDate "1986.07.12"]
[EventType "tourn"]
[EventRounds "15"]
[EventCountry "CAN"]

1. e4 e6 2. d4 d5 3. Nd2 c5 4. Ngf3 Nc6 5. exd5 exd5 6. Bb5 cxd4 7. Nxd4 Bd7 8.
N2f3 Bd6 9. O-O Nge7 10. Bg5 O-O 11. Re1 a6 12. Bd3 Qc7 13. Bxe7 Bxe7 14. Nxc6
Bxc6 15. Re5 g6 16. Qd2 Bd6 17. Ree1 Bf4 18. Qb4 Rae8 19. Qd4 Bh6 20. c3 Qd6
21. Rad1 Rd8 22. Bc2 Bg7 23. Qh4 Qf6 24. Qg4 Rfe8 25. h4 h5 26. Qg3 Rxe1+ 27.
Rxe1 Qd6 28. Qxd6 Rxd6 29. Rd1 Kf8 30. Nd4 Bd7 31. Bb3 Bg4 32. f3 Be6 33. Kf2
Ke7 34. f4 Bg4 35. Rd2 Bf6 36. g3 Bg7 37. Nc2 Be6 38. Nb4 d4 39. c4 Rd8 40. c5
Bxb3 41. axb3 Rc8 42. Nd3 Bf6 43. b4 Ke6 44. Re2+ Kd5 45. b3 Rc7 1/2-1/2

[Event "CAN-ch"]
[Site "Winnipeg CAN"]
[Date "1986.07.??"]
[Round "6"]
[White "Nickoloff, Bryon"]
[Black "Schleifer, Michael"]
[Result "1-0"]
[WhiteElo "2420"]
[BlackElo "2210"]
[PlyCount "79"]
[EventDate "1986.07.12"]
[EventType "tourn"]
[EventRounds "15"]
[EventCountry "CAN"]

1. d4 Nf6 2. c4 g6 3. Nc3 d5 4. cxd5 Nxd5 5. e4 Nb6 6. h3 Bg7 7. Be3 O-O 8. Nf3
Nc6 9. Be2 Na5 10. Qc1 Nc6 11. d5 Ne5 12. Bh6 Nxf3+ 13. Bxf3 e6 14. Bxg7 Kxg7
15. O-O Bd7 16. Qf4 Rc8 17. Rad1 Qf6 18. Qxf6+ Kxf6 19. e5+ Kxe5 20. dxe6 Bxe6
21. Bxb7 Rb8 22. Bc6 Rfd8 23. Rfe1+ Kf6 24. b3 Rxd1 25. Rxd1 Ke5 26. Kf1 a6 27.
Ke2 h5 28. Ke3 g5 29. Rd4 Rg8 30. h4 f6 31. g3 g4 32. Bb7 f5 33. Bxa6 Ra8 34.
Bb7 Ra3 35. Bc6 Nc4+ 36. Kd3 Nb2+ 37. Kc2 Ra6 38. Bb5 Rb6 39. Rd8 c6 40. Bf1
1-0

[Event "CAN-ch U20 1985-86"]
[Site "Toronto CAN"]
[Date "1985.12.27"]
[Round "2"]
[White "Girard, Robin"]
[Black "Schleifer, Michael"]
[Result "0-1"]
[WhiteElo "2147"]
[BlackElo "2285"]
[PlyCount "126"]
[EventDate "1985.12.26"]
[EventType "tourn"]
[EventRounds "11"]
[EventCountry "CAN"]

1. e4 c5 2. Nf3 d6 3. d4 cxd4 4. Nxd4 Nf6 5. Nc3 a6 6. Be2 e5 7. Nb3 Be6 8. O-O
Nbd7 9. a4 Rc8 10. Be3 Be7 11. f4 exf4 12. Rxf4 Ne5 13. Kh1 O-O 14. Nd4 Re8 15.
Qd2 Bf8 16. Rff1 Nfg4 17. Bg1 Qh4 18. Nd5 Bxd5 19. Nf5 Qd8 20. exd5 g6 21. Nd4
Bh6 22. Qb4 Ne3 23. Bxe3 Bxe3 24. Nf3 Rxc2 25. Nxe5 Rxe5 26. Bd3 Rc7 27. Rf3
Bc5 28. Qf4 Qg5 29. Qxg5 Rxg5 30. Re1 Bb4 31. Ref1 Rxd5 32. Bb1 Rd2 33. Ba2 d5
34. h4 Kg7 35. h5 f5 36. hxg6 hxg6 37. R3f2 Rxf2 38. Rxf2 Rc1+ 39. Kh2 Bd6+ 40.
g3 Rd1 41. Kg2 Kf6 42. Bb3 Rd4 43. Bc2 Rg4 44. Rf3 f4 45. Rb3 Rxg3+ 46. Rxg3
fxg3 47. Kf3 g5 48. Bd3 Bf4 49. Bf1 Ke5 50. Ke2 Kd4 51. Bg2 a5 52. b3 b6 53.
Bf3 g4 54. Bg2 Be3 55. Bh1 Bf2 56. Bg2 Kc5 57. Kd3 d4 58. Be4 Kb4 59. Kc2 d3+
60. Kxd3 Kxb3 61. Bc6 g2 62. Bxg2 Kxa4 63. Bd5 b5 0-1

[Event "CAN-ch U20 1985-86"]
[Site "Toronto CAN"]
[Date "1985.12.30"]
[Round "5"]
[White "Schleifer, Michael"]
[Black "Haessel, Dale"]
[Result "0-1"]
[WhiteElo "2285"]
[BlackElo "2023"]
[PlyCount "102"]
[EventDate "1985.12.26"]
[EventType "tourn"]
[EventRounds "11"]
[EventCountry "CAN"]

1. d4 Nf6 2. c4 e6 3. Nf3 b6 4. g3 Bb4+ 5. Bd2 Bxd2+ 6. Qxd2 Ba6 7. Qc2 O-O 8.
Bg2 d5 9. Nbd2 Nbd7 10. Qa4 Bb7 11. O-O Qe7 12. Rac1 dxc4 13. Nxc4 c5 14. Qa3
Rfd8 15. Rfd1 Kf8 16. dxc5 Nxc5 17. Rxd8+ Qxd8 18. Na5 Bd5 19. b4 Nce4 20. b5+
Qd6 21. Qxd6+ Nxd6 22. Nb3 Nxb5 23. Ne5 Rd8 24. Nc6 Rd7 25. a4 Nd6 26. Nbd4
Nde4 27. Ne5 Rb7 28. Rc8+ Ke7 29. f3 Nd6 30. Rc3 Nd7 31. Nd3 e5 32. Nc2 Rb8 33.
Ncb4 Bb7 34. f4 e4 35. Ne5 Rc8 36. Rxc8 Nxc8 37. Nbc6+ Bxc6 38. Nxc6+ Kd6 39.
Nd4 Kd5 40. Nf5 g6 41. Ne3+ Kd4 42. Bh3 Nc5 43. Nc2+ Kc3 44. Bxc8 Kxc2 45. f5
a6 46. Kf2 Kd2 47. h4 b5 48. fxg6 fxg6 49. Bxa6 Nxa6 50. axb5 e3+ 51. Kf3 Nc5
0-1

[Event "CAN-ch U20 1985-86"]
[Site "Toronto CAN"]
[Date "1986.01.02"]
[Round "7"]
[White "Schleifer, Michael"]
[Black "Puri, Vinny"]
[Result "0-1"]
[WhiteElo "2285"]
[BlackElo "2209"]
[PlyCount "74"]
[EventDate "1985.12.26"]
[EventType "tourn"]
[EventRounds "11"]
[EventCountry "CAN"]

1. c4 Nf6 2. Nc3 g6 3. g3 Bg7 4. Bg2 O-O 5. f4 c5 6. Nf3 Nc6 7. O-O d6 8. d3
Bd7 9. h3 Rb8 10. Be3 a6 11. a4 Ne8 12. Bf2 Nc7 13. d4 cxd4 14. Nxd4 Nxd4 15.
Bxd4 Bxd4+ 16. Qxd4 Ne6 17. Qf2 Bc6 18. a5 Bxg2 19. Kxg2 b6 20. axb6 Rxb6 21.
Rfb1 Rc6 22. b3 Nc7 23. Qf3 Rb6 24. Qe3 Rb7 25. Qe4 Qa8 26. Kh2 Qa7 27. Nd1 Ne6
28. b4 Rfb8 29. b5 Qd4 30. Qxd4 Nxd4 31. e3 Nf3+ 32. Kg2 Nd2 33. Rb2 Nxc4 34.
bxa6 Rxb2+ 35. Nxb2 Rxb2+ 36. Kf3 Nd2+ 37. Kg4 f5+ 0-1

[Event "CAN-ch U20 1985-86"]
[Site "Toronto CAN"]
[Date "1985.01.07"]
[Round "11"]
[White "Schleifer, Michael"]
[Black "Huda, Rehan"]
[Result "1-0"]
[WhiteElo "2285"]
[BlackElo "2182"]
[PlyCount "61"]
[EventDate "1985.12.26"]
[EventType "tourn"]
[EventRounds "11"]
[EventCountry "CAN"]

1. e4 e5 2. Nf3 Nc6 3. Bb5 f5 4. Nc3 fxe4 5. Nxe4 Nf6 6. Qe2 d5 7. Nxe5 dxe4 8.
Nxc6 bxc6 9. Bxc6+ Bd7 10. Bxa8 Qxa8 11. b3 Bd6 12. Bb2 O-O 13. O-O-O Qd5 14.
h3 Nh5 15. g3 Bc5 16. Rh2 Rf3 17. Kb1 Nf6 18. g4 Bc6 19. Rg2 Nd7 20. h4 Nb6 21.
g5 Bd4 22. g6 h6 23. Qa6 Bxb2 24. Kxb2 Qd4+ 25. Kb1 Nd5 26. Qc8+ Rf8 27. Qe6+
Kh8 28. Qxc6 e3 29. Qc4 e2 30. Qxe2 Nf4 31. Qe7 1-0

[Event "CAN-ch U20 1984-85"]
[Site "Winnipeg CAN"]
[Date "1985.??.??"]
[Round "1"]
[White "Schleifer, Michael"]
[Black "Basanta, Gary"]
[Result "1-0"]
[WhiteElo "2300"]
[BlackElo "2340"]
[PlyCount "61"]
[EventDate "1984.12.27"]
[EventType "tourn"]
[EventRounds "11"]
[EventCountry "CAN"]

1. d4 d5 2. c4 e5 3. dxe5 d4 4. Nf3 Nc6 5. g3 Be6 6. b3 Qd7 7. Bg2 O-O-O 8. O-O
h5 9. Nbd2 h4 10. Ne4 hxg3 11. hxg3 Bh3 12. Neg5 Bxg2 13. Kxg2 Bb4 14. Bd2 Qf5
15. Bxb4 Nxb4 16. Rh1 Nh6 17. Qd2 Nc6 18. Qf4 Qd7 19. Rad1 Rhe8 20. Rd2 Qe7 21.
Rhd1 a6 22. Nxd4 Nxe5 23. Nf5 Nxf5 24. Qxf5+ Nd7 25. Qxf7 Qxg5 26. Rxd7 Qe5 27.
Rxd8+ Rxd8 28. Rxd8+ Kxd8 29. Qd5+ Qxd5+ 30. cxd5 Kd7 31. Kf3 1-0

[Event "CAN-ch U20 1984-85"]
[Site "Winnipeg CAN"]
[Date "1985.??.??"]
[Round "2"]
[White "Gentes, Kevin"]
[Black "Schleifer, Michael"]
[Result "1-0"]
[WhiteElo "2300"]
[BlackElo "2300"]
[PlyCount "101"]
[EventDate "1984.12.27"]
[EventType "tourn"]
[EventRounds "11"]
[EventCountry "CAN"]

1. d4 Nf6 2. c4 g6 3. Nc3 d5 4. Nf3 Bg7 5. cxd5 Nxd5 6. e4 Nxc3 7. bxc3 O-O 8.
Be3 c5 9. Rc1 Qa5 10. Qd2 Rd8 11. d5 e6 12. c4 Qxd2+ 13. Nxd2 b6 14. Be2 e5 15.
Nb1 Nd7 16. Nc3 Nf6 17. Rb1 Ne8 18. Bd3 Nd6 19. Nb5 Nxb5 20. Rxb5 f5 21. f3 f4
22. Bd2 g5 23. h3 Bf6 24. Bc3 Kf7 25. Kd2 h5 26. Rb2 Bd7 27. Bc2 Rab8 28. a4
Rg8 29. a5 b5 30. cxb5 Rxb5 31. Rhb1 Rgb8 32. Bd3 Rxb2+ 33. Rxb2 Rxb2+ 34. Bxb2
Bc8 35. Bb5 Ke7 36. Kc3 Kd6 37. Kc4 a6 38. Be8 g4 39. hxg4 hxg4 40. Ba3 gxf3
41. gxf3 Bh3 42. Bxc5+ Kc7 43. d6+ Kd8 44. Bc6 Be6+ 45. Bd5 Bh3 46. Bb6+ Kc8
47. Kc5 Bh4 48. Bc4 Kb7 49. Kd5 Bf6 50. Bc5 Bd7 51. Bb4 1-0

[Event "CAN-ch U20 1984-85"]
[Site "Winnipeg CAN"]
[Date "1985.??.??"]
[Round "5"]
[White "Schleifer, Michael"]
[Black "Southam, David"]
[Result "1-0"]
[WhiteElo "2300"]
[BlackElo "2155"]
[PlyCount "65"]
[EventDate "1984.12.27"]
[EventType "tourn"]
[EventRounds "11"]
[EventCountry "CAN"]

1. d4 Nf6 2. c4 g6 3. b3 c5 4. e3 Bg7 5. Nf3 O-O 6. Be2 d5 7. O-O cxd4 8. exd4
dxc4 9. bxc4 Nbd7 10. Nc3 b6 11. Ba3 Bb7 12. Rc1 Rc8 13. d5 Nc5 14. Nd4 Nfd7
15. Ncb5 e5 16. dxe6 fxe6 17. Bg4 Ne5 18. Bh3 a6 19. Nxe6 Qh4 20. f4 Ned3 21.
Nd6 Rfd8 22. Nxb7 Nxe6 23. Bxe6+ Kh8 24. Nd6 Bd4+ 25. Kh1 Nf2+ 26. Rxf2 Qxf2
27. Bxc8 Rf8 28. f5 gxf5 29. Rc2 Qf4 30. Qxd4+ Qxd4 31. Bb2 Qxb2 32. Rxb2 Rd8
33. Nf7+ 1-0

[Event "CAN-ch U20 1984-85"]
[Site "Winnipeg CAN"]
[Date "1985.??.??"]
[Round "6"]
[White "Puri, Vinny"]
[Black "Schleifer, Michael"]
[Result "1-0"]
[WhiteElo "2260"]
[BlackElo "2300"]
[PlyCount "79"]
[EventDate "1984.12.27"]
[EventType "tourn"]
[EventRounds "11"]
[EventCountry "CAN"]

1. c4 e5 2. Nc3 Nc6 3. Nf3 g6 4. d4 exd4 5. Nd5 Bg7 6. Bg5 f6 7. Bf4 d6 8. Nxd4
Nxd4 9. Qxd4 Kf7 10. g3 Be6 11. Bg2 g5 12. Be3 Nh6 13. h4 c6 14. Nc3 Nf5 15.
Qd3 g4 16. Bf4 Qb6 17. h5 Rad8 18. h6 Bf8 19. Rh5 Ne7 20. Bxd6 Nc8 21. c5 Qa5
22. b4 Qa3 23. Rb1 Nxd6 24. cxd6 Rxd6 25. Qc2 b6 26. Ne4 Rd4 27. Qxc6 Qxb4+ 28.
Rxb4 Bxb4+ 29. Nc3 Rc8 30. Qb7+ Bd7 31. Bd5+ Ke7 32. Kf1 Rxc3 33. Kg2 Bd6 34.
Qa8 Rc5 35. Qg8 Rdxd5 36. Rxd5 Bc6 37. e4 Bxd5 38. exd5 Be5 39. Qe6+ Kd8 40. d6
1-0

[Event "CAN-ch U20 1984-85"]
[Site "Winnipeg CAN"]
[Date "1985.??.??"]
[Round "8"]
[White "Schleifer, Michael"]
[Black "McTavish, David"]
[Result "1-0"]
[WhiteElo "2300"]
[BlackElo "2195"]
[PlyCount "61"]
[EventDate "1984.12.27"]
[EventType "tourn"]
[EventRounds "11"]
[EventCountry "CAN"]

1. d4 Nf6 2. c4 g6 3. Nc3 d5 4. Nf3 Bg7 5. Bg5 Ne4 6. Bh4 Nxc3 7. bxc3 dxc4 8.
Qa4+ Qd7 9. Qxc4 b6 10. Bg3 c5 11. Be5 Ba6 12. Qb3 f6 13. Bxb8 Rxb8 14. dxc5
Qc8 15. c6 e5 16. c7 Qxc7 17. Nd2 Qc6 18. Qa3 Bb7 19. e3 Bf8 20. Qb3 Qd5 21.
Bb5+ Ke7 22. Bc4 Qc6 23. Bg8 Kd7 24. Rd1 Rd8 25. Bd5 Qc7 26. Bxb7 Qxb7 27. Qf7+
Kc8 28. Qxf6 Bc5 29. O-O Rhe8 30. Nb3 Bd6 31. Rxd6 1-0

[Event "CAN-ch U20 1984-85"]
[Site "Winnipeg CAN"]
[Date "1985.??.??"]
[Round "10"]
[White "Schleifer, Michael"]
[Black "Kuznecov, Alex"]
[Result "1-0"]
[WhiteElo "2300"]
[BlackElo "2120"]
[PlyCount "93"]
[EventDate "1984.12.27"]
[EventType "tourn"]
[EventRounds "11"]
[EventCountry "CAN"]

1. d4 Nf6 2. c4 g6 3. Nc3 d5 4. Nf3 Bg7 5. Bg5 Ne4 6. cxd5 Nxg5 7. Nxg5 e6 8.
Nf3 exd5 9. b4 O-O 10. e3 Be6 11. Be2 a6 12. O-O Nd7 13. Na4 Qe7 14. Rb1 c6 15.
Nc5 Nxc5 16. bxc5 Rae8 17. Ne1 Bc8 18. Bf3 f5 19. Nd3 Qc7 20. g3 g5 21. Bg2 Bh6
22. Kh1 Kh8 23. Rb6 Qd8 24. Ne5 f4 25. Qh5 Qf6 26. exf4 gxf4 27. Bxd5 fxg3 28.
hxg3 Be3 29. Be4 Bf5 30. Bxf5 Qxf5 31. Qxf5 Rxf5 32. Re1 Bxf2 33. Ng6+ hxg6 34.
Rxe8+ Kg7 35. Rxb7+ Kh6 36. Re4 Bxg3 37. Rb6 Rf2 38. Rg4 Bf4 39. Rxc6 Kh5 40.
Rgxg6 Rxa2 41. Rxa6 Rd2 42. Rg8 Rxd4 43. Kg2 Rd3 44. Ra1 Bg5 45. Kf2 Rc3 46.
Rh1+ Bh4+ 47. Ke2 1-0

[Event "CAN-ch U20 1984-85"]
[Site "Winnipeg CAN"]
[Date "1985.??.??"]
[Round "11"]
[White "Huda, Rehan"]
[Black "Schleifer, Michael"]
[Result "1-0"]
[WhiteElo "2295"]
[BlackElo "2300"]
[PlyCount "55"]
[EventDate "1984.12.27"]
[EventType "tourn"]
[EventRounds "11"]
[EventCountry "CAN"]

1. d4 Nf6 2. c4 c5 3. Nf3 e6 4. Nc3 d5 5. cxd5 exd5 6. Bg5 Be6 7. e4 dxe4 8.
Nxe4 cxd4 9. Bb5+ Nc6 10. Qa4 Be7 11. Bxf6 gxf6 12. Nxd4 O-O 13. Bxc6 bxc6 14.
Nxc6 Bd7 15. O-O Kh8 16. Qa6 Bxc6 17. Qxc6 Rc8 18. Qa4 Qb6 19. Rad1 Qe6 20. Ng3
Bc5 21. Rfe1 Qb6 22. Re2 Rg8 23. Qf4 Rc6 24. Rd7 Rf8 25. Nf5 Rd8 26. h4 Bf8 27.
Rxf7 Qb5 28. Ree7 1-0

[Event "CAN-ch U20 1982-83"]
[Site "Toronto CAN"]
[Date "1982.12.26"]
[Round "1"]
[White "Kuznecov, Alex"]
[Black "Schleifer, Michael"]
[Result "1/2-1/2"]
[WhiteElo "2164"]
[BlackElo "2145"]
[PlyCount "96"]
[EventDate "1982.12.26"]
[EventType "tourn"]
[EventRounds "11"]
[EventCountry "CAN"]

1. e4 g6 2. d4 Bg7 3. c4 d6 4. Nc3 Nc6 5. Be3 e5 6. d5 Nce7 7. g4 f5 8. gxf5
gxf5 9. Qh5+ Kf8 10. Bh3 Nf6 11. Qf3 f4 12. Bd2 Ng6 13. O-O-O a6 14. Kb1 Kf7
15. Qe2 Re8 16. Bxc8 Qxc8 17. Nf3 Bh6 18. h4 Kg7 19. Rdg1 Kh8 20. Ng5 Qd7 21.
f3 Rg8 22. Be1 Nh5 23. Rg4 Rab8 24. a3 Nf8 25. Rhg1 Rg6 26. Ne6 Nxe6 27. dxe6
Qxe6 28. Rxg6 hxg6 29. Qg2 Rg8 30. Qe2 c6 31. Qd3 Bf8 32. Ne2 Be7 33. Rg4 Kh7
34. Ng1 Nf6 35. Rg2 Nd7 36. Rg4 Nc5 37. Qe2 Nb3 38. Bc3 Rg7 39. Nh3 Bf6 40. Qg2
Qxc4 41. Nxf4 exf4 42. Bxf6 Qc1+ 43. Ka2 Nd2 44. Qg1 Qxg1 45. Rxg1 Rf7 46. Rd1
Rxf6 47. Rxd2 Kh6 48. Rg2 Kg7 1/2-1/2

[Event "CAN-ch U20 1982-83"]
[Site "Toronto CAN"]
[Date "1992.12.27"]
[Round "2"]
[White "Schleifer, Michael"]
[Black "Bailey, Doug"]
[Result "0-1"]
[WhiteElo "2145"]
[BlackElo "2105"]
[PlyCount "90"]
[EventDate "1982.12.26"]
[EventType "tourn"]
[EventRounds "11"]
[EventCountry "CAN"]

1. d4 Nf6 2. c4 g6 3. Nc3 d5 4. Nf3 Bg7 5. Bf4 O-O 6. Rc1 c6 7. e3 Nbd7 8. cxd5
Nxd5 9. Nxd5 cxd5 10. Bc7 Qe8 11. Be2 Nb6 12. O-O Bd7 13. Ne5 Bb5 14. b3 Bxe2
15. Qxe2 Nd7 16. Nf3 Nf6 17. a4 Ne4 18. Rc2 Qd7 19. Ne5 Qf5 20. f3 Nf6 21. a5
Rfc8 22. Rfc1 Ne8 23. a6 bxa6 24. e4 Qe6 25. Rc6 Rxc7 26. Rxc7 Bxe5 27. R7c6
Bxd4+ 28. Kh1 Nd6 29. Qd3 Bb6 30. exd5 Qe5 31. R6c2 Nf5 32. Qe4 Qxe4 33. fxe4
Nd4 34. Rc3 Ne2 35. Rc8+ Kg7 36. g4 Nxc1 37. Rxa8 Nxb3 38. e5 a5 39. d6 exd6
40. exd6 Kf6 41. Re8 Nc5 42. h4 Ne6 43. g5+ Ke5 44. Re7 Kxd6 45. Rxf7 a4 0-1

[Event "CAN-ch U20 1982-83"]
[Site "Toronto CAN"]
[Date "1982.12.28"]
[Round "3"]
[White "Hotz, Glyn"]
[Black "Schleifer, Michael"]
[Result "1-0"]
[WhiteElo "2044"]
[BlackElo "2145"]
[PlyCount "41"]
[EventDate "1982.12.26"]
[EventType "tourn"]
[EventRounds "11"]
[EventCountry "CAN"]

1. e4 c5 2. Nf3 d6 3. d4 cxd4 4. Nxd4 Nf6 5. Nc3 a6 6. Be2 e6 7. a4 Be7 8. O-O
Qc7 9. f4 O-O 10. Kh1 e5 11. Nb3 h6 12. Qe1 Be6 13. Qg3 Kh7 14. fxe5 dxe5 15.
Nd4 Bd6 16. Nf5 Bxf5 17. Rxf5 Qb6 18. Be3 Qb4 19. Raf1 Qxb2 20. Nd5 Rg8 21. Qh3
1-0

[Event "CAN-ch U20 1982-83"]
[Site "Toronto CAN"]
[Date "1982.12.29"]
[Round "4"]
[White "Schleifer, Michael"]
[Black "Barclay, Wayne"]
[Result "1-0"]
[WhiteElo "2145"]
[BlackElo "2177"]
[PlyCount "77"]
[EventDate "1982.12.26"]
[EventType "tourn"]
[EventRounds "11"]
[EventCountry "CAN"]

1. d4 Nf6 2. c4 e6 3. Nf3 d5 4. e3 Nbd7 5. Bd3 c6 6. O-O Bd6 7. Nc3 O-O 8. b3
Re8 9. Bb2 Qe7 10. e4 dxe4 11. Nxe4 Nxe4 12. Bxe4 c5 13. Bc2 b6 14. Qe2 g6 15.
Rad1 Rd8 16. dxc5 Bxc5 17. Ne5 Qf8 18. Ng4 Be7 19. Qf3 h5 20. Qxa8 hxg4 21. Qe4
Bf6 22. Rxd7 Bxb2 23. Rxd8 Qxd8 24. Rd1 Qc7 25. Qxg4 Bf6 26. h4 e5 27. Qg3 Qe7
28. h5 Bh4 29. Qf3 Bb7 30. Be4 Bxe4 31. Qxe4 gxh5 32. g3 Bf6 33. Qf5 b5 34. Rd7
Qb4 35. Qxf6 Qe1+ 36. Kg2 Qe4+ 37. f3 Qe2+ 38. Kh3 Qf1+ 39. Kh4 1-0

[Event "CAN-ch U20 1982-83"]
[Site "Toronto CAN"]
[Date "1982.12.30"]
[Round "5"]
[White "Dauvergne, Peter"]
[Black "Schleifer, Michael"]
[Result "1/2-1/2"]
[WhiteElo "1991"]
[BlackElo "2145"]
[PlyCount "55"]
[EventDate "1982.12.26"]
[EventType "tourn"]
[EventRounds "11"]
[EventCountry "CAN"]

1. d4 Nf6 2. c4 g6 3. Nc3 Bg7 4. e4 d6 5. Be2 O-O 6. Bg5 h6 7. Be3 c6 8. h3 a6
9. a4 a5 10. Nf3 Na6 11. O-O Qc7 12. e5 dxe5 13. Nxe5 Nb4 14. f4 Bf5 15. Rc1
Rad8 16. Bf3 Nd7 17. g4 Nxe5 18. fxe5 Bd3 19. Be2 Bxe2 20. Qxe2 c5 21. d5 Bxe5
22. Bxh6 Bg7 23. Bxg7 Kxg7 24. Rce1 Qg3+ 25. Qg2 Qc7 26. Qe2 Qg3+ 27. Qg2 Qc7
28. Qe2 1/2-1/2

[Event "CAN-ch U20 1982-83"]
[Site "Toronto CAN"]
[Date "1982.12.31"]
[Round "6"]
[White "Schleifer, Michael"]
[Black "Woodley, James"]
[Result "0-1"]
[WhiteElo "2145"]
[BlackElo "2078"]
[PlyCount "88"]
[EventDate "1982.12.26"]
[EventType "tourn"]
[EventRounds "11"]
[EventCountry "CAN"]

1. d4 Nf6 2. c4 g6 3. Nc3 Bg7 4. e4 d6 5. Be2 O-O 6. Nf3 e5 7. O-O Nc6 8. d5
Ne7 9. Ne1 Nd7 10. g4 Kh8 11. Nd3 c5 12. Rb1 a6 13. a3 Ng8 14. f3 Bh6 15. Bxh6
Nxh6 16. Qe1 Rg8 17. Qg3 f6 18. Kh1 Nf7 19. Nd1 b5 20. Ne3 Nb6 21. cxb5 axb5
22. f4 exf4 23. Qxf4 Kg7 24. Rf2 Qe7 25. Rbf1 Nd7 26. Bf3 Ba6 27. b4 c4 28. Nc1
Ng5 29. Bg2 Rge8 30. Nc2 Qe5 31. Qxe5 Rxe5 32. Re2 Rae8 33. Rfe1 f5 34. exf5
Rxe2 35. Rxe2 Rxe2 36. Nxe2 gxf5 37. gxf5 Kf6 38. h4 Nf7 39. Kh2 Nb6 40. Nc3
Kxf5 41. Kg3 Ke5 42. Be4 Na4 43. Nxb5 Kxe4 44. Nc7 Kd3 0-1

[Event "CAN-ch U20 1982-83"]
[Site "Toronto CAN"]
[Date "1983.01.01"]
[Round "7"]
[White "Bolduc, Steve"]
[Black "Schleifer, Michael"]
[Result "1/2-1/2"]
[WhiteElo "2099"]
[BlackElo "2145"]
[PlyCount "77"]
[EventDate "1982.12.26"]
[EventType "tourn"]
[EventRounds "11"]
[EventCountry "CAN"]

1. c4 e5 2. Nc3 Nc6 3. g3 g6 4. Bg2 Bg7 5. e4 Nge7 6. Nge2 O-O 7. O-O d6 8. Rb1
a5 9. a3 Be6 10. d3 f5 11. f4 fxe4 12. Nxe4 h6 13. b4 axb4 14. axb4 Bg4 15. h3
Bxe2 16. Qxe2 Nd4 17. Qg4 Ra2 18. Rf2 h5 19. Qd1 Rxf2 20. Nxf2 c6 21. Ne4 Ne6
22. Ng5 Nxg5 23. fxg5 Nf5 24. Kh2 h4 25. g4 Ng3 26. Be3 Rf7 27. b5 Kh7 28. bxc6
bxc6 29. Qa4 c5 30. Qc2 Qf8 31. Kg1 Rf3 32. Re1 Rf7 33. Qa2 Qb8 34. Rb1 Qf8 35.
Qa4 Ne2+ 36. Kh2 e4 37. Qd1 Be5+ 38. Kh1 Ng3+ 39. Kg1 1/2-1/2

[Event "CAN-ch U20 1982-83"]
[Site "Toronto CAN"]
[Date "1983.01.02"]
[Round "8"]
[White "O'Donnell, Tom"]
[Black "Schleifer, Michael"]
[Result "0-1"]
[WhiteElo "2163"]
[BlackElo "2145"]
[PlyCount "106"]
[EventDate "1982.12.26"]
[EventType "tourn"]
[EventRounds "11"]
[EventCountry "CAN"]

1. e4 g6 2. d4 Bg7 3. c4 d6 4. Nc3 Nc6 5. d5 Nb8 6. Bd3 e5 7. Nge2 Ne7 8. O-O
O-O 9. Ng3 f5 10. f4 exf4 11. Bxf4 Na6 12. Bg5 fxe4 13. Ngxe4 Bf5 14. Ng3 Bxd3
15. Qxd3 Qd7 16. Rae1 Rxf1+ 17. Rxf1 Rf8 18. Rxf8+ Kxf8 19. Qf3+ Ke8 20. Nge4
Nf5 21. Nf6+ Bxf6 22. Bxf6 Qf7 23. Bg5 Nc5 24. g4 Nd4 25. Qxf7+ Kxf7 26. Kf2
Nc2 27. a3 Nd3+ 28. Ke2 Nxb2 29. c5 Nd4+ 30. Ke3 dxc5 31. Ne4 Nc4+ 32. Kf2 b6
33. Bf4 Nb5 34. a4 Nbd6 35. Ng5+ Ke7 36. Nxh7 Nb2 37. h4 Nd3+ 38. Ke3 Nxf4 39.
Kxf4 a6 40. Ng5 c4 41. h5 gxh5 42. gxh5 Nf7 43. Ne4 b5 44. axb5 axb5 45. Ke3
Nd6 46. Nc5 b4 47. Kd4 b3 48. Na4 Kf6 49. Kc5 Ke5 50. Nc3 Kf5 51. Kc6 b2 52.
Kxc7 Nb5+ 53. Nxb5 b1=Q 0-1

[Event "CAN-ch U20 1982-83"]
[Site "Toronto CAN"]
[Date "1983.01.03"]
[Round "9"]
[White "Schleifer, Michael"]
[Black "Gardner, Robert"]
[Result "1-0"]
[WhiteElo "2145"]
[BlackElo "1916"]
[PlyCount "61"]
[EventDate "1982.12.26"]
[EventType "tourn"]
[EventRounds "11"]
[EventCountry "CAN"]

1. d4 Nf6 2. c4 g6 3. Nc3 Bg7 4. e4 d6 5. Be2 O-O 6. Nf3 c5 7. O-O Nc6 8. d5
Na5 9. h3 e6 10. Bg5 h6 11. Bh4 g5 12. Bg3 exd5 13. cxd5 Re8 14. Nd2 a6 15. a4
Nh7 16. Rc1 Qe7 17. Bd3 Bd7 18. f4 Bd4+ 19. Kh1 Be3 20. e5 Qf8 21. fxg5 Bxg5
22. e6 Bxe6 23. dxe6 Rxe6 24. Bxh7+ Kxh7 25. Qc2+ Kg8 26. Rce1 Rae8 27. Rxe6
Rxe6 28. Nde4 Nc4 29. Nxg5 hxg5 30. Nd5 Qg7 31. Qxc4 1-0

[Event "CAN-ch U20 1982-83"]
[Site "Toronto CAN"]
[Date "1983.01.04"]
[Round "10"]
[White "Moffat, Andrei"]
[Black "Schleifer, Michael"]
[Result "1/2-1/2"]
[WhiteElo "1946"]
[BlackElo "2145"]
[PlyCount "38"]
[EventDate "1982.12.26"]
[EventType "tourn"]
[EventRounds "11"]
[EventCountry "CAN"]

1. Nc3 d5 2. e4 d4 3. Nce2 e5 4. Ng3 Nf6 5. Nf3 Bd6 6. Bc4 O-O 7. d3 Nc6 8. O-O
Na5 9. Bb3 Nxb3 10. axb3 Re8 11. h3 c5 12. Nh2 a6 13. f4 exf4 14. Bxf4 Bxf4 15.
Rxf4 Qd6 16. Qf3 Re5 17. Nf5 Bxf5 18. Rxf5 Rae8 19. Rf1 Rxf5 1/2-1/2